000
00309nam a2200133Ia 4500
008
240624s9999 xx 000 0 und d
041
_a
eng
082
_a
828 ADA
100
_a
ADAMS JAD
245
_a
GANDHI NAKED AMBITION
260
_c
2010
_a
London
_b
Quercus
300
_a
323 : p. : cm. ; 22
365
_c
RS
999
_c
27888
_d
27888